01512nam a22003257a 4500999001700000003000900017005001700026008004100043017001500084040004300099043001200142082002500154245016900179250003300348264011200381300002900493336002600522337003500548338002900583504006300612541001400675650006900689650006900758653003100827655003100858700004100889942000800930952012400938952012401062 c29487d29458EG-ScBUE20210926131817.0210925s2008 ua f b 000 0 ara d a2008/24863 aEG-ScBUEbaraerdacEG-ScBUEdEG-ScBUE af-ua---04a378.62bق ض ي22200aقضية التعليم في مصر :bالعائد الاقتصادي والاجتماعي /cتحرير أ. د. علا الخواجة [وعشر آخرون]. aالطبعة الأولى. 1a[القاهرة] :bشركاء التنمية للبحوث والاستشارات والتدريب،c2008. a327 صفحة ؛c23 سم 2rdacontentaنصbtxt 2rdamediaaبدون وسيطbn 2rdacarrieraمجلدbnc aيشتمل على إرجاعات ببليوجرافية. cDonation. 7a‪التعليمzمصرxأحوال اجتماعية.2BUEsh 7a‪التعليمzمصرxأحوال اقتصادية.2BUEsh 7aBUEshbGGENcSeptember2021 72BUEshvReading book9342321 aالخواجة، علا،eمحرر. 2ddc 00102ddc40708Donation-GaMAINbMAINc1STd2021-09-25eDonationo378.62 ق ض يp000050751r2025-07-15 00:00:00yBB 00102ddc40708Donation-GaMAINbMAINc1STd2021-09-25eDonationo378.62 ق ض يp000050750r2025-07-15 00:00:00yNB